000
00240nam a2200121Ia 4500
100
_a
#N/A
942
_c
BK
245
_a
Founnndation course in Listening & Speaking
260
_b
#N/A
082
_b
21635
546
_a
ENGLISH
999
_c
34144
_d
34144